| 000 | 00783cas a2200265 a 4500 | ||
|---|---|---|---|
| 008 | |||
| 022 | 0 | _a0071389016 (pbk.) | |
| 049 | _aMAIN | ||
| 090 |
_aQP514 _bHAR |
||
| 210 | 0 | _aHarper's illus. biochem. | |
| 245 | 0 | 0 | _aHarper's illustrated biochemistry. |
| 246 | 3 | 0 | _aIllustrated biochemistry |
| 250 | _a26th ed. | ||
| 260 |
_aNew York : _bLange Medical Books/McGraw-Hill, _cc2003- |
||
| 300 |
_ax, 693 p. : _bill. ; _c24 cm. |
||
| 530 | _aAlso issued online. | ||
| 650 | 0 |
_aBiochemistry _vPeriodicals. |
|
| 650 | 2 |
_aMolecular Biology _vPeriodicals. |
|
| 650 | 1 | 2 |
_aBiochemistry _vPeriodicals. |
| 907 |
_a.b10347884 _b17-10-14 _c16-10-14 |
||
| 003 | |||
| 005 | 20250513121937.0 | ||
| 040 | _cNUST | ||
| 942 |
_cBOOKS _kQP514 _mHAR _02 |
||
| 999 |
_c117959 _d117959 |
||